00391nam a22001337a 450000500170000000800410001704100120005808200130007010000120008324500420009526000660013730000280020365000260023120240807090511.0240807b |||||||| |||| 00| 0 eng d aEnglish a349 TRA  lEnglish aTransvaal Law Reports: Supreme Court  aGrahamstown, Cape Colony: bAfrican Book Company Ltd, c1905  bx, 796 pages; c25 cm.  aLegal practice bLaw